[Event "Heusenstamm Schloss op"]
[Site "Heusenstamm"]
[Date "2023.11.26"]
[Round "7"]
[White "Wilke, Joerg"]
[Black "Fleischmann, Theo"]
[Result "1/2-1/2"]
[WhiteElo "1853"]
[BlackElo "1578"]
[PlyCount "122"]
[EventDate "2023.11.23"]
[EventType "swiss"]
[EventRounds "7"]
[EventCountry "GER"]
[SourceTitle "CB50_2023"]
[SourceDate "2023.12.13"]
[SourceVersion "1"]
[SourceVersionDate "2023.12.13"]
[SourceQuality "1"]

1. d4 Nf6 2. c4 e6 3. Nc3 Bb4 4. Qc2 c5 5. e3 b6 6. Nge2 Bb7 7. Bd2 0-0 8. a3 Ba5 9. f3 d5 10. cxd5 exd5 11. Rb1 Nc6 12. Kf2 Rc8 13. Qa4 c4 14. g4 a6 15. h4 b5 16. Qd1 Bc7 17. Bh3 Rb8 18. g5 Ne8 19. f4 Bc8 20. Qg1 Nd6 21. Bxc8 Rxc8 22. Qg2 Ne7 23. Nxd5 Ne4+ 24. Qxe4 Nxd5 25. Nc3 Nxc3 26. Bxc3 Re8 27. Qf3 Bb6 28. Rbd1 Qe7 29. Rhe1 a5 30. d5 Red8 31. Bd4 Bc5 32. Bxc5 Qxc5 33. Rd4 b4 34. axb4 axb4 35. Rc1 c3 36. bxc3 bxc3 37. Qe4 Rb8 38. Qd3 Rb2+ 39. Kf3 Qc8 40. f5 Qb8 41. d6 Qa8+ 42. e4 Qa2 43. Rxc3 Rh2 44. Qf1 Rxh4 45. Qg2 Rf4+ 46. Kxf4 Qxg2 47. e5 Qf2+ 48. Ke4 Qh4+ 49. Kd5 Qxg5 50. Rf3 h5 51. Kc6 Qc1+ 52. Kd5 Qc7 53. Rc4 Qb7+ 54. Rc6 Rc8 55. Rfc3 h4 56. e6 fxe6+ 57. fxe6 Rxc6 58. Rxc6 Kf8 59. Kc5 Qa7+ 60. Kb5 Qb7+ 61. Kc5 Qa7+ 1/2-1/2

[Event "Heusenstamm Schloss op"]
[Site "Heusenstamm"]
[Date "2023.11.23"]
[Round "1"]
[White "Fleischmann, Theo"]
[Black "Buchholz, Maja Patricia"]
[Result "1/2-1/2"]
[WhiteElo "1578"]
[BlackElo "1923"]
[PlyCount "110"]
[EventDate "2023.11.23"]
[EventType "swiss"]
[EventRounds "7"]
[EventCountry "GER"]
[SourceTitle "CB48_2023"]
[SourceDate "2023.11.29"]
[SourceVersion "1"]
[SourceVersionDate "2023.11.29"]
[SourceQuality "1"]

1. Nf3 Nf6 2. g3 g6 3. b3 Bg7 4. Bb2 c5 5. c4 Nc6 6. Bg2 0-0 7. 0-0 d6 8. d4 cxd4 9. Nxd4 Bd7 10. Nc3 Qc8 11. Re1 Bh3 12. Nd5 Bxg2 13. Kxg2 Qd7 14. e4 Nxd5 15. exd5 Ne5 16. Qd2 Rfe8 17. h3 Qd8 18. g4 a6 19. f4 Nd7 20. Rab1 Nf6 21. Nf3 Qd7 22. Kg3 Rac8 23. Nd4 Rc5 24. Ba3 Rc7 25. Re2 Qc8 26. Rbe1 Qd8 27. Bb4 Qd7 28. Ba5 Rc5 29. Bb4 Rcc8 30. a4 Kf8 31. a5 Qc7 32. Ba3 Nd7 33. Bb2 Nc5 34. h4 Nd7 35. Bc3 Nf6 36. Bb2 Qd7 37. f5 Qd8 38. Kf3 Nd7 39. fxg6 hxg6 40. Kg3 Rc5 41. Rg1 Kg8 42. Nf3 Nf6 43. Ra1 Qd7 44. Qf4 Qc7 45. Qd2 Qd7 46. Qf4 Qc8 47. Bd4 Rc7 48. Rae1 Qd7 49. Bb6 Rcc8 50. Nd4 Kh7 51. Nf3 Bh6 52. Ng5+ Kg8 53. Bd4 Bg7 54. Bb6 Rb8 55. Qf3 Rbc8 1/2-1/2

[Event "Marburg op-A"]
[Site "Marburg"]
[Date "2023.10.29"]
[Round "6"]
[White "Nagel, Matthias"]
[Black "Fleischmann, Theo"]
[Result "1-0"]
[WhiteElo "1850"]
[BlackElo "1574"]
[PlyCount "59"]
[EventDate "2023.10.26"]
[EventType "swiss"]
[EventRounds "7"]
[EventCountry "GER"]
[SourceTitle "CB49_2023"]
[SourceDate "2023.12.06"]
[SourceVersion "1"]
[SourceVersionDate "2023.12.06"]
[SourceQuality "1"]

1. d4 Nf6 2. Nc3 d5 3. Bf4 c5 4. e3 e6 5. Nb5 Na6 6. c3 Be7 7. dxc5 Bxc5 8. Bd3 0-0 9. h4 Re8 10. Nf3 Qb6 11. Qc2 h6 12. a4 Bd7 13. Ne5 Rac8 14. Qe2 Nb8 15. g4 Nc6 16. g5 Nxe5 17. Bxe5 Ne4 18. Rg1 h5 19. Bxe4 dxe4 20. Qxh5 Bxe3 21. Rg2 Bxb5 22. axb5 Bd2+ 23. Kxd2 Red8+ 24. Kc2 Qxb5 25. Rd1 Qxe5 26. Qe2 Rxd1 27. Qxd1 Qd5 28. Qe2 Rd8 29. Rg3 Qd2+ 30. Qxd2 1-0

[Event "Marburg op-A"]
[Site "Marburg"]
[Date "2023.10.27"]
[Round "2"]
[White "Fleischmann, Theo"]
[Black "Auwens, Michiel"]
[Result "0-1"]
[WhiteElo "1574"]
[BlackElo "1829"]
[PlyCount "50"]
[EventDate "2023.10.26"]
[EventType "swiss"]
[EventRounds "7"]
[EventCountry "GER"]
[SourceTitle "CB49_2023"]
[SourceDate "2023.12.06"]
[SourceVersion "1"]
[SourceVersionDate "2023.12.06"]
[SourceQuality "1"]

1. Nf3 Nf6 2. g3 d6 3. d4 Nbd7 4. Bg2 c6 5. 0-0 e5 6. c4 Be7 7. Nc3 0-0 8. e4 Qc7 9. h3 a6 10. a4 b6 11. d5 Bb7 12. Nh4 g6 13. Bh6 Rfc8 14. Bf3 Rab8 15. Ng2 Ba8 16. g4 b5 17. g5 Ne8 18. dxc6 Bxc6 19. Nd5 Bxd5 20. cxd5 bxa4 21. Qxa4 Nc5 22. Qa3 Rb3 23. Rfc1 Rxa3 24. Rxa3 Qd8 25. b4 Nxe4 0-1

[Event "GER-ch Net blitz qual4"]
[Site "Playchess.com INT"]
[Date "2021.05.10"]
[Round "4"]
[White "Fleischmann, Theo"]
[Black "Bussemer, Karsten"]
[Result "0-1"]
[WhiteElo "1495"]
[BlackElo "1752"]
[PlyCount "64"]
[EventDate "2021.05.10"]
[EventType "swiss (blitz)"]
[EventRounds "11"]
[EventCountry "GER"]
[SourceTitle "CBM 202 Extra"]
[Source "ChessBase"]
[SourceDate "2021.07.31"]
[SourceVersion "1"]
[SourceVersionDate "2021.07.31"]
[SourceQuality "1"]

1. d4 d5 2. c4 c6 3. Nf3 Nf6 4. cxd5 Nxd5 5. Nc3 Nf6 6. e4 Bg4 7. Be2 e6 8. h3 Bh5 9. Bf4 Nbd7 10. a3 Be7 11. Qd2 0-0 12. g4 Bg6 13. Bd3 a6 14. b4 h6 15. e5 Nd5 16. Be3 Bxd3 17. Qxd3 Bg5 18. h4 Bxe3 19. fxe3 f6 20. Ne4 fxe5 21. Nxe5 Nxe5 22. dxe5 Rf3 23. Ke2 Rxe3+ 24. Qxe3 Nxe3 25. Kxe3 Qd5 26. Rad1 Qxe5 27. Rhf1 Rf8 28. Rxf8+ Kxf8 29. Rd8+ Ke7 30. Rg8 Qb2 31. Nc5 Qxa3+ 32. Ke4 Qxb4+ 0-1

[Event "GER-ch Net blitz qual4"]
[Site "Playchess.com INT"]
[Date "2021.05.10"]
[Round "10"]
[White "Fleischmann, Theo"]
[Black "Powalla, Christian"]
[Result "0-1"]
[WhiteElo "1495"]
[BlackElo "1645"]
[PlyCount "38"]
[EventDate "2021.05.10"]
[EventType "swiss (blitz)"]
[EventRounds "11"]
[EventCountry "GER"]
[SourceTitle "CBM 202 Extra"]
[Source "ChessBase"]
[SourceDate "2021.07.31"]
[SourceVersion "1"]
[SourceVersionDate "2021.07.31"]
[SourceQuality "1"]

1. d4 Nf6 2. c4 c5 3. d5 b5 4. cxb5 a6 5. bxa6 g6 6. Nc3 Bxa6 7. Nf3 Bg7 8. Qc2 0-0 9. g3 d6 10. Bg2 Nbd7 11. 0-0 Qa5 12. Re1 Rfb8 13. Bd2 Qb4 14. Reb1 Bc4 15. Ne4 Qb5 16. Nxf6+ Nxf6 17. Bc3 Bxd5 18. a4 Qb7 19. Qd3 Be4 0-1

[Event "GER-ch Net blitz qual3"]
[Site "Playchess.com INT"]
[Date "2021.05.07"]
[Round "6"]
[White "Dittrich, Gunnar"]
[Black "Fleischmann, Theo"]
[Result "1-0"]
[WhiteElo "1761"]
[BlackElo "1537"]
[PlyCount "47"]
[EventDate "2021.05.07"]
[EventType "swiss (blitz)"]
[EventRounds "11"]
[EventCountry "GER"]
[SourceTitle "CBM 202 Extra"]
[Source "ChessBase"]
[SourceDate "2021.07.31"]
[SourceVersion "1"]
[SourceVersionDate "2021.07.31"]
[SourceQuality "1"]

1. e4 c5 2. Nf3 e6 3. d4 cxd4 4. Nxd4 Nf6 5. Nc3 Nc6 6. Bg5 Bb4 7. Nxc6 bxc6 8. Bd3 Qa5 9. Bxf6 gxf6 10. 0-0 Bxc3 11. bxc3 Qxc3 12. Rb1 Rg8 13. Qh5 Qe5 14. Qxh7 Qg5 15. g3 Ke7 16. f4 Qg4 17. Kh1 d6 18. Qh4 Qg7 19. e5 Kd7 20. Qxf6 Qg4 21. Qxf7+ Kd8 22. exd6 Bd7 23. Qe7+ Kc8 24. Ba6# 1-0

[Event "GER-ch Net blitz qual1"]
[Site "Playchess.com INT"]
[Date "2021.04.24"]
[Round "8"]
[White "Schenk, Michael"]
[Black "Fleischmann, Theo"]
[Result "0-1"]
[WhiteElo "1620"]
[BlackElo "1487"]
[PlyCount "100"]
[EventDate "2021.04.24"]
[EventType "swiss (blitz)"]
[EventRounds "11"]
[EventCountry "GER"]
[SourceTitle "CBM 202 Extra"]
[Source "ChessBase"]
[SourceDate "2021.07.31"]
[SourceVersion "1"]
[SourceVersionDate "2021.07.31"]
[SourceQuality "1"]

1. e4 c5 2. d4 cxd4 3. c3 Nf6 4. e5 Nd5 5. cxd4 d6 6. Nf3 e6 7. Bc4 Nc6 8. 0-0 Nb6 9. Bb3 Be7 10. Nc3 0-0 11. Bf4 dxe5 12. Nxe5 Nxe5 13. Bxe5 Bf6 14. Re1 Bd7 15. Rc1 Bc6 16. Bxf6 Qxf6 17. d5 exd5 18. Nxd5 Nxd5 19. Bxd5 Bxd5 20. Qxd5 Rfd8 21. Qxb7 Rdb8 22. Qc6 Qxb2 23. Rc2 Qb4 24. Rec1 h6 25. Qf3 Re8 26. h3 Qe4 27. Qxe4 Rxe4 28. Rc8+ Rxc8 29. Rxc8+ Kh7 30. Rc7 Ra4 31. Rc2 Kg6 32. Kf1 a5 33. Ke2 Re4+ 34. Kd3 Re7 35. a4 f5 36. Rc6+ Kg5 37. Kc4 Re2 38. Kb5 Rxf2 39. Kxa5 Rxg2 40. Kb6 Ra2 41. a5 f4 42. a6 f3 43. a7 f2 44. Rc5+ Kh4 45. Ra5 Rxa5 46. Kxa5 f1Q 47. a8Q Qe1+ 48. Ka6 Qe2+ 49. Kb6 Qe3+ 50. Kc6 Qe4+ 0-1

[Event "GER Cup Net V4 U1600"]
[Site "Playchess.com INT"]
[Date "2020.05.31"]
[Round "8"]
[White "Fleischmann, Theo"]
[Black "Schenk, Michael"]
[Result "0-1"]
[WhiteElo "1547"]
[BlackElo "1401"]
[PlyCount "64"]
[EventDate "2020.05.31"]
[EventType "swiss (blitz)"]
[EventRounds "9"]
[EventCountry "GER"]
[SourceTitle "EXT 2021"]
[Source "ChessBase"]
[SourceDate "2020.10.23"]
[SourceVersion "1"]
[SourceVersionDate "2020.10.23"]
[SourceQuality "1"]

1. e4 c5 2. Nf3 d6 3. Nc3 Nc6 4. Bb5 a6 5. Bxc6+ bxc6 6. d3 Nf6 7. 0-0 g6 8. Rb1 Bg7 9. Bd2 0-0 10. Qc1 Rb8 11. Bh6 e5 12. Bxg7 Kxg7 13. Qd2 Bg4 14. Kh1 Bxf3 15. gxf3 d5 16. Rg1 dxe4 17. fxe4 c4 18. b3 cxd3 19. cxd3 Qd4 20. f3 Rfd8 21. Rbd1 Nh5 22. Ne2 Qd6 23. Ng3 Nf4 24. Qc3 Kf8 25. Qc4 Qd4 26. Qxa6 Ra8 27. Qxc6 Rxa2 28. Qf6 Nh3 29. Rg2 Nf2+ 30. Rxf2 Qxf2 31. Qxd8+ Kg7 32. Rg1 Qxh2# 0-1

[Event "GER Cup Net V4 U1600"]
[Site "Playchess.com INT"]
[Date "2020.05.31"]
[Round "2"]
[White "Fleischmann, Theo"]
[Black "Steimle, Markus"]
[Result "1-0"]
[WhiteElo "1547"]
[BlackElo "1274"]
[PlyCount "113"]
[EventDate "2020.05.31"]
[EventType "swiss (blitz)"]
[EventRounds "9"]
[EventCountry "GER"]
[SourceTitle "EXT 2021"]
[Source "ChessBase"]
[SourceDate "2020.10.23"]
[SourceVersion "1"]
[SourceVersionDate "2020.10.23"]
[SourceQuality "1"]

1. e4 e6 2. Nf3 d5 3. exd5 exd5 4. d4 Nf6 5. Nc3 c6 6. Bg5 Be7 7. Bd3 0-0 8. Qd2 h6 9. Bh4 Be6 10. 0-0-0 Nbd7 11. h3 Re8 12. g4 a6 13. g5 hxg5 14. Bxg5 Nh7 15. Bxe7 Qxe7 16. h4 Nhf6 17. h5 Bg4 18. Be2 Nxh5 19. Qd3 Bxf3 20. Bxf3 Qg5+ 21. Kb1 Ndf6 22. Rdg1 Nf4 23. Rxg5 Nxd3 24. cxd3 Re7 25. Nd1 Rae8 26. Ne3 b5 27. Rg3 g6 28. Rgh3 Kg7 29. Kc2 Re6 30. Ng4 Nxg4 31. Bxg4 Re1 32. Rxe1 Rxe1 33. f4 Rf1 34. Bd7 Rxf4 35. Bxc6 Rf2+ 36. Kb3 Rf5 37. Re3 Rf2 38. Bxd5 Rf6 39. Re7 Rf2 40. Ra7 Rf6 41. Kb4 Rf4 42. Kc5 Rf3 43. Rxa6 Rxd3 44. Kxb5 Rxd4 45. Kc5 Rd2 46. b4 Rb2 47. Ra7 Rc2+ 48. Kb5 Rf2 49. a4 Rf5 50. Kc5 Rf6 51. b5 Rf5 52. a5 Rf6 53. b6 Rf5 54. b7 Rf6 55. a6 Rf5 56. b8Q Rf6 57. Qb7 1-0

[Event "GER Cup Net V1 U1600"]
[Site "Playchess.com INT"]
[Date "2020.05.19"]
[Round "7"]
[White "Fleischmann, Theo"]
[Black "Karpe, Sebastian"]
[Result "1/2-1/2"]
[WhiteElo "1535"]
[BlackElo "1293"]
[PlyCount "164"]
[EventDate "2020.05.19"]
[EventType "swiss (blitz)"]
[EventRounds "9"]
[EventCountry "GER"]
[SourceTitle "EXT 2021"]
[Source "ChessBase"]
[SourceDate "2020.10.23"]
[SourceVersion "1"]
[SourceVersionDate "2020.10.23"]
[SourceQuality "1"]

1. d4 e6 2. c4 Nf6 3. Nc3 d5 4. cxd5 exd5 5. Bg5 Be7 6. e3 c6 7. Bd3 Nbd7 8. Nge2 h6 9. Bh4 g5 10. Bg3 Nh5 11. Bc2 Nxg3 12. hxg3 Qc7 13. Qd3 b6 14. 0-0-0 a5 15. e4 Ba6 16. Qe3 Bb4 17. exd5+ Kd8 18. dxc6 Qxc6 19. Be4 Qc8 20. Kb1 Re8 21. Qf3 Bxe2 22. Nxe2 Rb8 23. Rc1 Qa6 24. Bd3 Qb7 25. Qxb7 Rxb7 26. Rxh6 Bd2 27. Rc2 Bb4 28. a3 Be7 29. Nc3 Rc7 30. Nd5 Rxc2 31. Kxc2 Bf8 32. Rh7 f6 33. Ne3 Re7 34. Rxe7 Bxe7 35. Nf5 Bf8 36. Bb5 Nb8 37. Kd3 Kc7 38. f4 Nc6 39. fxg5 fxg5 40. Ke4 Ne7 41. Nxe7 Bxe7 42. Kf5 Kd6 43. Ke4 Bf6 44. Kd3 Kd5 45. Bc4+ Kd6 46. Ke4 Kd7 47. b4 axb4 48. axb4 Kd6 49. Kf5 Ke7 50. Kg6 Bxd4 51. Kxg5 Kd6 52. Kf4 Kc6 53. Kf5 b5 54. g4 Kd6 55. Bxb5 Ke7 56. g5 Kf7 57. Bc4+ Kg7 58. b5 Be3 59. g4 Bf2 60. g6 Be3 61. g5 Bf2 62. Bd3 Bg1 63. Ke6 Bf2 64. Kf5 Be3 65. Ke6 Bd4 66. Kd5 Bg1 67. Kc6 Bd4 68. b6 Bxb6 69. Kxb6 Kg8 70. Kc7 Kg7 71. Kd6 Kg8 72. Ke7 Kg7 73. Ke6 Kg8 74. Kf6 Kh8 75. g7+ Kg8 76. Kf5 Kxg7 77. Kg4 Kg8 78. g6 Kg7 79. Kg5 Kg8 80. Kh6 Kh8 81. g7+ Kg8 82. Kh5 Kxg7 1/2-1/2

[Event "GER Cup Net V1 U1600"]
[Site "Playchess.com INT"]
[Date "2020.05.19"]
[Round "9"]
[White "Hausmann, Heiko"]
[Black "Fleischmann, Theo"]
[Result "1-0"]
[WhiteElo "1497"]
[BlackElo "1543"]
[PlyCount "151"]
[EventDate "2020.05.19"]
[EventType "swiss (blitz)"]
[EventRounds "9"]
[EventCountry "GER"]
[SourceTitle "EXT 2021"]
[Source "ChessBase"]
[SourceDate "2020.10.23"]
[SourceVersion "1"]
[SourceVersionDate "2020.10.23"]
[SourceQuality "1"]

1. e4 c6 2. Nf3 d5 3. exd5 cxd5 4. d4 Nc6 5. Bb5 Nf6 6. Ne5 Qc7 7. Bg5 Bf5 8. c3 e6 9. 0-0 Bd6 10. Bxc6+ bxc6 11. Qa4 Bxe5 12. dxe5 Ne4 13. Bf4 0-0 14. f3 Nc5 15. Qd1 Qb6 16. Kh1 Qxb2 17. Nd2 Qb7 18. Be3 Nd7 19. Nb3 Nxe5 20. Bd4 Nd7 21. Bc5 Nxc5 22. Nxc5 Qc7 23. Qd4 e5 24. Qe3 Rfe8 25. Rae1 h6 26. Qd2 a5 27. Nd3 f6 28. Nb2 a4 29. Nd3 a3 30. Nb4 Rab8 31. Re2 Qb6 32. Rfe1 Qc7 33. Qe3 Qb6 34. Qxb6 Rxb6 35. g4 Rd8 36. gxf5 c5 37. Nxd5 Rxd5 38. c4 Rd4 39. Re3 Rxc4 40. Rxa3 Rc2 41. Ra8+ Kh7 42. Rd1 Rbb2 43. Rd7 Rxh2+ 44. Kg1 Rhg2+ 45. Kf1 Rxa2 46. Rxa2 Rxa2 47. Rc7 Ra1+ 48. Ke2 Ra5 49. Kd3 h5 50. Kc4 h4 51. Rb7 h3 52. Rb1 Ra3 53. Rh1 Rxf3 54. Kxc5 Rxf5 55. Rxh3+ Kg6 56. Rg3+ Rg5 57. Re3 Rf5 58. Kd5 Kf7 59. Rh3 g6 60. Rh7+ Kg8 61. Re7 e4+ 62. Kxe4 Rf1 63. Kd5 g5 64. Re6 g4 65. Re3 f5 66. Rg3 Kf7 67. Ke5 Kg6 68. Rg2 Kg5 69. Re2 f4 70. Ke4 f3 71. Rc2 f2 72. Rc5+ Kh4 73. Ke3 g3 74. Rc4+ Kh3 75. Kf3 g2 76. Rc5 1-0

[Event "GER Cup Net V1 U1600"]
[Site "Playchess.com INT"]
[Date "2020.05.19"]
[Round "5"]
[White "Koholka, Jan"]
[Black "Fleischmann, Theo"]
[Result "1-0"]
[WhiteElo "1764"]
[BlackElo "1558"]
[PlyCount "117"]
[EventDate "2020.05.19"]
[EventType "swiss (blitz)"]
[EventRounds "9"]
[EventCountry "GER"]
[SourceTitle "EXT 2021"]
[Source "ChessBase"]
[SourceDate "2020.10.23"]
[SourceVersion "1"]
[SourceVersionDate "2020.10.23"]
[SourceQuality "1"]

1. e4 c6 2. d4 d5 3. f3 e6 4. Nc3 Bb4 5. Be3 Ne7 6. Qd3 Nd7 7. 0-0-0 b5 8. e5 Nb6 9. Qd2 Nc4 10. Bxc4 bxc4 11. Nge2 a5 12. Bf2 a4 13. a3 Ba5 14. Qg5 Ng6 15. Qxd8+ Bxd8 16. Na2 Bg5+ 17. Kb1 Bd7 18. h4 Be7 19. h5 Nf8 20. g4 Rb8 21. Ka1 c5 22. dxc5 Bxc5 23. Bxc5 Bb5 24. Bxf8 Rxf8 25. Nb4 Bd7 26. g5 Ke7 27. g6 h6 28. Nd4 Rb6 29. f4 Rfb8 30. Rhf1 f5 31. exf6+ Kxf6 32. Rf2 R8b7 33. Rdf1 Rb8 34. f5 e5 35. Nxd5+ Kg5 36. Nxb6 Rxb6 37. Nf3+ Kxf5 38. Nd2+ Ke6 39. Re1 Bb5 40. Nf3 Kf5 41. Nxe5+ Kg5 42. Rh2 Kf4 43. Nf7 Bc6 44. Nd6 Bf3 45. Nxc4 Rc6 46. Nd2 Rxc2 47. Nxf3 Rxh2 48. Nxh2 Kg5 49. b4 axb3 50. a4 Kxh5 51. a5 Kxg6 52. a6 h5 53. a7 Kf5 54. a8Q g5 55. Qd5+ Kf4 56. Re4+ Kg3 57. Qd3+ Kxh2 58. Re2+ Kg1 59. Qd1# 1-0

[Event "GER-ch Net Amateur Gr-C Final"]
[Site "Playchess.com INT"]
[Date "2020.04.18"]
[Round "2"]
[White "Fleischmann, Theo"]
[Black "Grunwald, Guenther"]
[Result "1-0"]
[WhiteElo "1591"]
[BlackElo "1481"]
[PlyCount "67"]
[EventDate "2020.04.18"]
[EventType "swiss (blitz)"]
[EventRounds "13"]
[EventCountry "GER"]
[SourceTitle "CBM 195 Extra"]
[Source "ChessBase"]
[SourceDate "2020.05.31"]
[SourceVersion "1"]
[SourceVersionDate "2020.05.31"]
[SourceQuality "1"]

1. d4 d5 2. c4 dxc4 3. e4 e5 4. d5 Nf6 5. Qa4+ Bd7 6. Qxc4 Bd6 7. Nc3 Kf8 8. Nf3 a6 9. Qb3 b5 10. Bd3 c6 11. 0-0 c5 12. Bg5 c4 13. Bxf6 Qxf6 14. Bxc4 bxc4 15. Qxc4 Bg4 16. Nd2 Nd7 17. h3 Ke7 18. hxg4 Rhc8 19. Qe2 Qf4 20. g3 Qg5 21. f4 exf4 22. gxf4 Qh4 23. e5 Bc5+ 24. Kg2 Kf8 25. Nde4 Bb4 26. a3 Bxc3 27. Nxc3 Nc5 28. Rad1 g6 29. Rh1 Qe7 30. Rxh7 Kg8 31. Rdh1 g5 32. f5 Nb3 33. Rh8+ Kg7 34. R1h7# 1-0

[Event "GER-ch Net Amateur Gr-C Final"]
[Site "Playchess.com INT"]
[Date "2020.04.18"]
[Round "7"]
[White "Fleischmann, Theo"]
[Black "Schoen, Fabian"]
[Result "0-1"]
[WhiteElo "1591"]
[BlackElo "1478"]
[PlyCount "54"]
[EventDate "2020.04.18"]
[EventType "swiss (blitz)"]
[EventRounds "13"]
[EventCountry "GER"]
[SourceTitle "CBM 195 Extra"]
[Source "ChessBase"]
[SourceDate "2020.05.31"]
[SourceVersion "1"]
[SourceVersionDate "2020.05.31"]
[SourceQuality "1"]

1. d4 Nf6 2. c4 e5 3. dxe5 Ng4 4. Nf3 Nc6 5. g3 Ngxe5 6. Nxe5 Nxe5 7. Qc2 d6 8. Bg2 g6 9. 0-0 Bf5 10. e4 Bg4 11. f4 Nc6 12. Nc3 Bg7 13. e5 dxe5 14. fxe5 Nxe5 15. Bxb7 Rb8 16. Bg2 0-0 17. b3 Qd4+ 18. Kh1 Nd3 19. Bb2 Nxb2 20. Bd5 Qxc3 21. Qf2 Be6 22. Bxe6 fxe6 23. Qe2 Rxf1+ 24. Rxf1 Nd3 25. Qxe6+ Kh8 26. Rf7 Qe1+ 27. Kg2 Qxe6 0-1